Normal view
MARC view
Entry Término temático
001 - NÚMERO DE CONTROL
- campo de control: 144381
003 - IDENTIFICADOR DEL NÚMERO DE CONTROL
- campo de control: OSt
005 - FECHA Y HORA DE LA ÚLTIMA TRANSACCIÓN
- campo de control: 20220127160112.0
008 - DATOS DE LONGITUD FIJA
- campo de control de longitud fija: 220127|| aca||aabn | a|a d
040 ## - FUENTE DE LA CATALOGACIÓN
- Centro catalogador/agencia de origen: OSt
- Centro/agencia transcriptor: OSt
150 ## - ENCABEZAMIENTO--TÉRMINO DE MATERIA
- Término de materia o nombre geográfico como elemento de entrada: Semen
- Subdivisión general: congelamiento
670 ## - FUENTE DE DATOS ENCONTRADOS
- Cita de la fuente: Work cat.: (OSt)169521: Meyer Flores, Laura 75282, Mejoramiento de la calidad de semen de verraco post-descongelamiento por efecto de la L-Glutamina (I-Gin) y Orvus Es Paste (OEP) /, 2011
